Historia General de las cosas de la nueva España 11 / (Registro nro. 40117)
[ vista simple ]
| 000 -CABECERA | |
|---|---|
| campo de control de longitud fija | 00692nam a2200205 a 4500 |
| 001 - NÚMERO DE CONTROL | |
| campo de control | 000040627 |
| 005 - FECHA Y HORA DE LA ÚLTIMA TRANSACCIÓN | |
| campo de control | 20201002034248.0 |
| 008 - DATOS DE LONGITUD FIJA--INFORMACIÓN GENERAL | |
| campo de control de longitud fija | 130904s2010 sp 000 0 spa d |
| 020 ## - NÚMERO INTERNACIONAL ESTÁNDAR DEL LIBRO | |
| Número Internacional Estándar del Libro | 9788498167160 |
| 040 ## - FUENTE DE LA CATALOGACIÓN | |
| Centro catalogador/agencia de origen | DO-SdBNP |
| Lengua de catalogación | spa |
| Centro/agencia transcriptor | BNPHU |
| 100 1# - ENTRADA PRINCIPAL--NOMBRE DE PERSONA | |
| Nombre de persona | Bernardino de Sahagún, |
| Títulos y otros términos asociados al nombre | Fray |
| 9 (RLIN) | 66976 |
| 245 10 - MENCIÓN DE TÍTULO | |
| Título | Historia General de las cosas de la nueva España 11 / |
| Mención de responsabilidad, etc. | Bernardino de Sahagún ; edición de Juan Carlos Temprano. |
| 260 ## - PUBLICACIÓN, DISTRIBUCIÓN, ETC. | |
| Lugar de publicación, distribución, etc. | Barcelona ; :, |
| Fecha de publicación, distribución, etc. | 2010. |
| 300 ## - DESCRIPCIÓN FÍSICA | |
| Extensión | 460 p. ; |
| Dimensiones | 22 cm. |
| 490 1# - MENCIÓN DE SERIE | |
| Mención de serie | Crónicas de América ; $v55a-55b |
| 490 1# - MENCIÓN DE SERIE | |
| Mención de serie | Historia 16 |
| 700 01 - PUNTO DE ACCESO ADICIONAL--NOMBRE DE PERSONA | |
| Nombre de persona | Temprano, Juan Carlos, |
| Término indicativo de función/relación | ed. |
| 9 (RLIN) | 66977 |
| 830 #0 - PUNTO DE ACCESO ADICIONAL DE SERIE-TÍTULO UNIFORME | |
| Título uniforme | Historia 16 |
| 9 (RLIN) | 66978 |
| 830 #0 - PUNTO DE ACCESO ADICIONAL DE SERIE-TÍTULO UNIFORME | |
| Título uniforme | Crónicas de América ; |
| 9 (RLIN) | 66933 |
| Estado de retiro | Estado de pérdida | Restricciones de uso | No para préstamo | Código de colección | Localización permanente | Ubicación/localización actual | Ubicación en estantería | Fecha de adquisición | Número de inventario | Total de préstamos | Signatura topográfica completa | Código de barras | Fecha visto por última vez | Precio válido a partir de | Tipo de ítem Koha |
|---|---|---|---|---|---|---|---|---|---|---|---|---|---|---|---|
| Excluido de préstamo | Monografías: Libros y Folletos | General | General | En catalogación | 04.09.2013 | LF1 | 40627-10 | 25.06.2020 | 25.06.2020 | No se presta | |||||
| Monografías: Libros y Folletos | Patrimonio Dominicano | Patrimonio Dominicano | Orden iniciada | 04.09.2013 | LF1 | 40628-10 | 25.06.2020 | 25.06.2020 | No se presta |
